[Event "European Individual Chess Championship 2017"]
[Site "?"]
[Date "2017.05.31"]
[Round "2.50"]
[White "Teterev, Vitaly"]
[Black "Melkumyan, Hrant"]
[Result "1/2-1/2"]
[BlackElo "2613"]
[WhiteElo "2487"]
[LiveChessVersion "1.4.8"]

1. Nf3 {[%clk 1:30:57]} d5 {[%clk 1:28:11]} 2. g3 {[%clk 1:31:03]} Nd7
{[%clk 1:28:23]} 3. d4 {[%clk 1:25:15]} Ngf6 {[%clk 1:28:01]} 4. Bg2
{[%clk 1:25:35]} g6 {[%clk 1:28:22]} 5. c4 {[%clk 1:20:36]} dxc4 {[%clk 1:28:30]}
6. Na3 {[%clk 1:19:14]} Nb6 {[%clk 1:28:51]} 7. Ne5 {[%clk 1:14:27]} c6
{[%clk 1:23:36]} 8. Naxc4 {[%clk 1:10:14]} Nxc4 {[%clk 1:21:48]} 9. Nxc4
{[%clk 1:10:38]} Be6 {[%clk 1:21:59]} 10. Qd3 {[%clk 1:10:04]} Bg7
{[%clk 1:20:10]} 11. O-O {[%clk 1:09:08]} O-O {[%clk 1:19:11]} 12. Rd1
{[%clk 1:05:29]} Qc8 {[%clk 1:15:10]} 13. b3 {[%clk 0:55:10]} Rd8
{[%clk 1:13:39]} 14. Bb2 {[%clk 0:48:16]} Ne8 {[%clk 0:52:46]} 15. Rac1
{[%clk 0:44:52]} Nd6 {[%clk 0:51:56]} 16. Na5 {[%clk 0:32:44]} Qc7
{[%clk 0:36:40]} 17. b4 {[%clk 0:32:21]} Qb6 {[%clk 0:32:31]} 18. a3
{[%clk 0:31:39]} Bd5 {[%clk 0:25:15]} 19. e3 {[%clk 0:24:59]} f5 {[%clk 0:22:26]}
20. Nb3 {[%clk 0:15:01]} Re8 {[%clk 0:11:08]} 21. Ba1 {[%clk 0:07:47]} Rad8
{[%clk 0:11:16]} 22. Nc5 {[%clk 0:06:53]} Bxg2 {[%clk 0:00:55]} 23. Kxg2
{[%clk 0:07:15]} e6 {[%clk 0:01:24]} 24. Qb3 {[%clk 0:05:57]} Kf7
{[%clk 0:01:52]} 25. a4 {[%clk 0:04:46]} a6 {[%clk 0:01:43]} 26. a5
{[%clk 0:03:38]} Qb5 {[%clk 0:00:41]} 27. Rd2 {[%clk 0:03:26]} Rc8
{[%clk 0:00:39]} 28. Kg1 {[%clk 0:00:57]} b6 {[%clk 0:00:39]} 29. axb6
{[%clk 0:01:03]} Qxb6 {[%clk 0:00:58]} 30. Ra2 {[%clk 0:01:06]} Ra8
{[%clk 0:00:56]} 31. Nd7 {[%clk 0:00:38]} Qb7 {[%clk 0:01:12]} 32. Nc5
{[%clk 0:01:03]} Qb6 {[%clk 0:00:46]} 33. Bc3 {[%clk 0:00:57]} Nb7
{[%clk 0:00:52]} 34. Rca1 {[%clk 0:00:46]} Bf8 {[%clk 0:00:34]} 35. Nd7
{[%clk 0:00:41]} Qb5 {[%clk 0:01:03]} 36. Ne5+ {[%clk 0:01:03]} Kg8
{[%clk 0:01:17]} 37. Qc4 {[%clk 0:00:55]} Nd6 {[%clk 0:00:32]} 38. Qxc6
{[%clk 0:00:37]} Rac8 {[%clk 0:00:48]} 39. Qxb5 {[%clk 0:00:37]} axb5
{[%clk 0:01:17]} 40. Be1 {[%clk 0:30:58]} Rc7 {[%clk 0:30:39]} 41. Ra6
{[%clk 0:29:57]} Nc4 {[%clk 0:10:07]} 42. Rc1 {[%clk 0:18:51]} Rec8
{[%clk 0:08:59]} 43. Nd3 {[%clk 0:17:32]} Kf7 {[%clk 0:07:45]} 44. Rca1
{[%clk 0:16:55]} Bd6 {[%clk 0:06:56]} 45. Kf1 {[%clk 0:15:14]} g5
{[%clk 0:04:22]} 46. h3 {[%clk 0:14:54]} h5 {[%clk 0:04:45]} 47. Ra7
{[%clk 0:14:18]} g4 {[%clk 0:04:52]} 48. h4 {[%clk 0:13:48]} Rxa7
{[%clk 0:04:03]} 49. Rxa7+ {[%clk 0:14:16]} Rc7 {[%clk 0:04:27]} 50. Ra6
{[%clk 0:13:46]} Ke7 {[%clk 0:00:47]} 51. Ke2 {[%clk 0:10:36]} Kf7
{[%clk 0:00:41]} 52. f3 {[%clk 0:08:36]} gxf3+ {[%clk 0:01:09]} 53. Kxf3
{[%clk 0:08:58]} Ke7 {[%clk 0:00:32]} 54. Ra8 {[%clk 0:07:36]} e5
{[%clk 0:00:32]} 55. dxe5 {[%clk 0:07:09]} Bxe5 {[%clk 0:00:51]} 56. e4
{[%clk 0:03:49]} Rd7 {[%clk 0:00:37]} 57. Nc5 {[%clk 0:04:03]} fxe4+
{[%clk 0:00:43]} 58. Kxe4 {[%clk 0:04:01]} Rd1 {[%clk 0:00:44]} 59. Bf2
{[%clk 0:03:22]} Bc3 {[%clk 0:01:02]} 60. Ra7+ {[%clk 0:02:06]} Kf6
{[%clk 0:00:42]} 61. Nd7+ {[%clk 0:02:12]} Ke6 {[%clk 0:00:42]} 62. Nf8+
{[%clk 0:01:49]} Kf6 {[%clk 0:01:11]} 63. Bc5 {[%clk 0:01:37]} Nd6+
{[%clk 0:00:32]} 64. Kf3 {[%clk 0:00:58]} Rd3+ {[%clk 0:00:51]} 65. Ke2
{[%clk 0:00:40]} Rd2+ {[%clk 0:01:19]} 66. Kf3 {[%clk 0:00:47]} Nc4
{[%clk 0:01:00]} 67. Nh7+ {[%clk 0:00:39]} Kf5 {[%clk 0:01:14]} 68. Rf7+
{[%clk 0:00:38]} Kg6 {[%clk 0:01:43]} 69. Rb7 {[%clk 0:00:55]} Kf5
{[%clk 0:00:43]} 70. Rf7+ {[%clk 0:00:44]} Kg6 {[%clk 0:01:11]} 71. Rb7
{[%clk 0:00:39]} Kf5 {[%clk 0:00:33]} 72. Rf7+ {[%clk 0:00:57]} Kg6
{[%clk 0:01:02]} 1/2-1/2

[Event "European Individual Chess Championship 2017"]
[Site "?"]
[Date "2017.05.31"]
[Round "2.51"]
[White "Hracek, Zbynek"]
[Black "Hamitevici, Vladimir"]
[Result "1-0"]
[BlackElo "2487"]
[WhiteElo "2612"]
[LiveChessVersion "1.4.8"]

1. d4 {[%clk 1:30:57]} g6 {[%clk 1:24:25]} 2. e4 {[%clk 1:30:25]} Bg7
{[%clk 1:24:49]} 3. Nc3 {[%clk 1:29:12]} c6 {[%clk 1:24:00]} 4. f4
{[%clk 1:28:22]} d5 {[%clk 1:24:25]} 5. e5 {[%clk 1:28:45]} Nh6 {[%clk 1:24:32]}
6. Nf3 {[%clk 1:27:44]} f6 {[%clk 1:18:57]} 7. Be3 {[%clk 1:26:59]} Bg4
{[%clk 1:18:49]} 8. h3 {[%clk 1:15:12]} Bxf3 {[%clk 1:19:14]} 9. Qxf3
{[%clk 1:15:37]} O-O {[%clk 1:07:53]} 10. Qe2 {[%clk 1:12:50]} fxe5
{[%clk 1:01:02]} 11. dxe5 {[%clk 1:11:09]} e6 {[%clk 0:53:20]} 12. O-O-O
{[%clk 0:48:45]} Nd7 {[%clk 0:49:01]} 13. h4 {[%clk 0:43:12]} c5 {[%clk 0:37:02]}
14. Nb5 {[%clk 0:20:09]} Nf5 {[%clk 0:36:18]} 15. Bf2 {[%clk 0:17:20]} a6
{[%clk 0:33:17]} 16. Nc3 {[%clk 0:17:48]} b5 {[%clk 0:32:07]} 17. g3
{[%clk 0:16:02]} Qc7 {[%clk 0:28:58]} 18. h5 {[%clk 0:12:40]} g5 {[%clk 0:25:58]}
19. h6 {[%clk 0:11:25]} Nxh6 {[%clk 0:25:58]} 20. Rxh6 {[%clk 0:08:35]} Bxh6
{[%clk 0:25:37]} 21. Qh5 {[%clk 0:09:02]} Kg7 {[%clk 0:21:52]} 22. Bd3
{[%clk 0:06:07]} Nxe5 {[%clk 0:19:26]} 23. Qxh6+ {[%clk 0:05:37]} Kxh6
{[%clk 0:16:16]} 24. Rh1+ {[%clk 0:06:06]} Kg7 {[%clk 0:16:38]} 25. Rxh7+
{[%clk 0:06:34]} Kf6 {[%clk 0:13:26]} 26. Rxc7 {[%clk 0:07:02]} Nxd3+
{[%clk 0:13:45]} 27. cxd3 {[%clk 0:07:30]} Rac8 {[%clk 0:13:25]} 28. Rxc5
{[%clk 0:05:05]} Kf5 {[%clk 0:11:03]} 29. Ne2 {[%clk 0:02:55]} Kg4
{[%clk 0:11:12]} 30. Kd2 {[%clk 0:02:03]} Kf3 {[%clk 0:11:35]} 31. Rxc8
{[%clk 0:01:51]} Rxc8 {[%clk 0:11:53]} 32. Bd4 {[%clk 0:02:16]} g4
{[%clk 0:12:00]} 33. Bf6 {[%clk 0:01:28]} Re8 {[%clk 0:11:31]} 34. b4
{[%clk 0:00:59]} Kf2 {[%clk 0:11:49]} 35. a3 {[%clk 0:01:08]} Kf3
{[%clk 0:12:12]} 36. Be5 {[%clk 0:00:47]} Kf2 {[%clk 0:12:26]} 37. Bd4+
{[%clk 0:00:59]} Kf3 {[%clk 0:12:49]} 38. Bf6 {[%clk 0:01:20]} Kf2
{[%clk 0:13:13]} 39. Bd4+ {[%clk 0:01:04]} Kf3 {[%clk 0:13:36]} 40. Be5
{[%clk 0:31:11]} Kf2 {[%clk 0:43:58]} 41. Bf6 {[%clk 0:27:23]} Kf3
{[%clk 0:42:39]} 42. Bh4 {[%clk 0:26:59]} e5 {[%clk 0:42:41]} 43. fxe5
{[%clk 0:26:00]} Rxe5 {[%clk 0:43:05]} 44. Nd4+ {[%clk 0:26:25]} Kf2
{[%clk 0:43:14]} 45. Bd8 {[%clk 0:25:01]} Re1 {[%clk 0:42:57]} 46. Bc7
{[%clk 0:24:20]} Re7 {[%clk 0:35:45]} 47. Bf4 {[%clk 0:24:41]} Re8
{[%clk 0:36:11]} 48. Nf5 {[%clk 0:18:44]} Kf3 {[%clk 0:35:19]} 49. Kc3
{[%clk 0:15:58]} Rf8 {[%clk 0:35:42]} 50. Ne7 {[%clk 0:12:35]} Ke2
{[%clk 0:33:56]} 51. Nxd5 {[%clk 0:12:36]} 1-0

[Event "European Individual Chess Championship 2017"]
[Site "?"]
[Date "2017.05.31"]
[Round "2.52"]
[White "Schreiner, Peter"]
[Black "Alekseev, Evgeny"]
[Result "1/2-1/2"]
[BlackElo "2610"]
[WhiteElo "2483"]
[LiveChessVersion "1.4.8"]

1. Nf3 {[%clk 1:30:57]} Nf6 {[%clk 1:28:58]} 2. g3 {[%clk 1:31:04]} b6
{[%clk 1:24:22]} 3. Bg2 {[%clk 1:29:05]} Bb7 {[%clk 1:20:32]} 4. c4
{[%clk 1:28:57]} e6 {[%clk 1:16:04]} 5. O-O {[%clk 1:28:27]} g6 {[%clk 1:06:20]}
6. d4 {[%clk 1:25:45]} Bg7 {[%clk 1:05:18]} 7. Bf4 {[%clk 1:26:08]} d6
{[%clk 0:59:04]} 8. Qc2 {[%clk 1:21:25]} O-O {[%clk 0:42:42]} 9. Nc3
{[%clk 1:20:25]} Nbd7 {[%clk 0:41:25]} 10. Rad1 {[%clk 1:14:09]} Qe7
{[%clk 0:38:32]} 11. Rfe1 {[%clk 1:09:09]} c6 {[%clk 0:33:15]} 1/2-1/2

[Event "European Individual Chess Championship 2017"]
[Site "?"]
[Date "2017.05.31"]
[Round "2.53"]
[White "Onischuk, Vladimir"]
[Black "Khegay, Dmitriy"]
[Result "1/2-1/2"]
[BlackElo "2482"]
[WhiteElo "2608"]
[LiveChessVersion "1.4.8"]

1. e4 {[%clk 1:30:53]} e6 {[%clk 1:30:54]} 2. d4 {[%clk 1:31:18]} d5
{[%clk 1:31:21]} 3. Nc3 {[%clk 1:31:37]} Bb4 {[%clk 1:31:43]} 4. exd5
{[%clk 1:31:54]} exd5 {[%clk 1:32:07]} 5. Bd3 {[%clk 1:32:21]} Nf6
{[%clk 1:32:31]} 6. a3 {[%clk 1:31:48]} Bxc3+ {[%clk 1:32:55]} 7. bxc3
{[%clk 1:32:15]} O-O {[%clk 1:33:18]} 8. Ne2 {[%clk 1:32:21]} Nbd7
{[%clk 1:33:42]} 9. O-O {[%clk 1:30:46]} Re8 {[%clk 1:34:06]} 10. Ng3
{[%clk 1:23:55]} c5 {[%clk 1:34:30]} 11. dxc5 {[%clk 1:19:34]} Nxc5
{[%clk 1:34:32]} 12. Be3 {[%clk 1:18:57]} Bg4 {[%clk 1:34:57]} 13. Qc1
{[%clk 1:17:36]} Nxd3 {[%clk 1:35:20]} 14. cxd3 {[%clk 1:18:02]} Nh5
{[%clk 1:35:45]} 15. Qb2 {[%clk 1:13:03]} Nxg3 {[%clk 1:34:54]} 16. hxg3
{[%clk 1:13:29]} b6 {[%clk 1:32:32]} 17. a4 {[%clk 1:13:05]} Rc8 {[%clk 1:31:01]}
18. Rfe1 {[%clk 1:10:53]} Bf5 {[%clk 1:30:09]} 19. Qd2 {[%clk 0:56:19]} Qf6
{[%clk 1:29:36]} 20. Bd4 {[%clk 0:44:54]} Qg6 {[%clk 1:29:56]} 21. Qa2
{[%clk 0:43:17]} Qc6 {[%clk 1:21:39]} 22. Red1 {[%clk 0:38:54]} Re6
{[%clk 1:21:02]} 23. Qd2 {[%clk 0:37:22]} Rce8 {[%clk 1:19:40]} 24. Qf4
{[%clk 0:34:53]} Bg6 {[%clk 1:19:57]} 25. g4 {[%clk 0:30:32]} Qd6
{[%clk 1:12:43]} 26. Qxd6 {[%clk 0:24:24]} Rxd6 {[%clk 1:13:07]} 27. a5
{[%clk 0:19:25]} f6 {[%clk 1:11:53]} 28. axb6 {[%clk 0:18:52]} axb6
{[%clk 1:12:19]} 29. Ra7 {[%clk 0:18:32]} Rde6 {[%clk 1:01:26]} 30. Kh2
{[%clk 0:17:24]} Re1 {[%clk 0:31:37]} 31. Rxe1 {[%clk 0:17:35]} Rxe1
{[%clk 0:32:01]} 32. g5 {[%clk 0:17:37]} Re6 {[%clk 0:31:47]} 33. gxf6
{[%clk 0:17:15]} gxf6 {[%clk 0:32:12]} 34. Rb7 {[%clk 0:16:57]} Bxd3
{[%clk 0:32:34]} 35. Bxb6 {[%clk 0:17:23]} Ba6 {[%clk 0:30:04]} 36. Rb8+
{[%clk 0:17:49]} Kf7 {[%clk 0:30:30]} 37. Bd4 {[%clk 0:17:33]} Bc4
{[%clk 0:28:48]} 38. Kg3 {[%clk 0:16:44]} Kg6 {[%clk 0:28:37]} 39. Rb7
{[%clk 0:16:19]} h5 {[%clk 0:27:16]} 40. Rd7 {[%clk 0:44:02]} Ra6
{[%clk 0:47:04]} 41. Rd8 {[%clk 0:40:46]} Re6 {[%clk 0:42:46]} 42. Rh8
{[%clk 0:35:20]} Re7 {[%clk 0:41:50]} 43. Rd8 {[%clk 0:33:57]} Re6
{[%clk 0:38:28]} 44. f3 {[%clk 0:34:00]} Ra6 {[%clk 0:38:40]} 45. Rg8+
{[%clk 0:22:11]} Kh7 {[%clk 0:38:15]} 46. Rb8 {[%clk 0:22:01]} Kg6
{[%clk 0:37:42]} 47. Rd8 {[%clk 0:22:11]} Re6 {[%clk 0:37:44]} 48. Rh8
{[%clk 0:19:58]} Ra6 {[%clk 0:31:13]} 49. Be3 {[%clk 0:18:28]} Ra3
{[%clk 0:31:25]} 50. Rh6+ {[%clk 0:10:16]} Kg7 {[%clk 0:31:41]} 51. Rxh5
{[%clk 0:10:40]} Rxc3 {[%clk 0:32:03]} 52. Bd4 {[%clk 0:10:36]} Rd3
{[%clk 0:28:40]} 53. Rh4 {[%clk 0:11:01]} Rd2 {[%clk 0:28:58]} 54. Be3
{[%clk 0:07:51]} Ra2 {[%clk 0:28:36]} 55. Rh1 {[%clk 0:06:54]} Re2
{[%clk 0:28:38]} 56. Bd4 {[%clk 0:05:25]} Rd2 {[%clk 0:29:00]} 57. Bc3
{[%clk 0:05:51]} Rc2 {[%clk 0:29:08]} 58. Ba1 {[%clk 0:05:35]} Kg6
{[%clk 0:29:33]} 59. Rb1 {[%clk 0:05:21]} Ra2 {[%clk 0:29:46]} 60. Kf4
{[%clk 0:03:42]} Ra4 {[%clk 0:23:48]} 61. Rc1 {[%clk 0:02:52]} Bf1+
{[%clk 0:23:03]} 62. Kg3 {[%clk 0:03:08]} Bd3 {[%clk 0:23:25]} 63. Bb2
{[%clk 0:02:51]} Rb4 {[%clk 0:22:15]} 64. Bc3 {[%clk 0:02:25]} Rb1
{[%clk 0:22:32]} 65. Rxb1 {[%clk 0:02:50]} Bxb1 {[%clk 0:22:58]} 1/2-1/2

[Event "European Individual Chess Championship 2017"]
[Site "?"]
[Date "2017.05.31"]
[Round "2.54"]
[White "Mista, Aleksander"]
[Black "Ali Marandi, Cemil Can"]
[Result "1/2-1/2"]
[BlackElo "2479"]
[WhiteElo "2606"]
[LiveChessVersion "1.4.8"]

1. e4 {[%clk 1:30:57]} e5 {[%clk 1:30:51]} 2. Nf3 {[%clk 1:31:18]} Nc6
{[%clk 1:31:16]} 3. Bb5 {[%clk 1:31:45]} f5 {[%clk 1:31:37]} 4. Nc3
{[%clk 1:31:32]} fxe4 {[%clk 1:31:59]} 5. Nxe4 {[%clk 1:31:58]} Nf6
{[%clk 1:32:15]} 6. Nxf6+ {[%clk 1:31:38]} Qxf6 {[%clk 1:32:38]} 7. Qe2
{[%clk 1:31:53]} Be7 {[%clk 1:32:47]} 8. Bxc6 {[%clk 1:32:19]} bxc6
{[%clk 1:33:11]} 9. Nxe5 {[%clk 1:28:44]} Qe6 {[%clk 1:33:23]} 10. Nf3
{[%clk 1:27:55]} Qxe2+ {[%clk 1:33:09]} 11. Kxe2 {[%clk 1:28:21]} c5
{[%clk 1:33:30]} 12. Re1 {[%clk 1:27:01]} Bb7 {[%clk 1:30:02]} 13. Kf1
{[%clk 1:23:07]} Bxf3 {[%clk 1:30:18]} 14. gxf3 {[%clk 1:23:35]} Rf8
{[%clk 1:30:40]} 15. Re3 {[%clk 1:23:02]} d6 {[%clk 1:26:32]} 16. b3
{[%clk 1:22:06]} Kd7 {[%clk 1:25:28]} 17. Bb2 {[%clk 1:22:15]} Bg5
{[%clk 1:22:23]} 18. Rd3 {[%clk 1:06:37]} Bf6 {[%clk 1:22:17]} 19. Bxf6
{[%clk 1:06:32]} Rxf6 {[%clk 1:22:41]} 20. Re1 {[%clk 1:06:53]} Raf8
{[%clk 1:17:12]} 21. Re4 {[%clk 1:01:51]} Rxf3 {[%clk 1:13:19]} 22. Rxf3
{[%clk 1:02:17]} Rxf3 {[%clk 1:13:41]} 23. Rh4 {[%clk 0:59:45]} h6
{[%clk 1:13:56]} 24. Ra4 {[%clk 0:59:12]} Rf5 {[%clk 1:12:11]} 25. Rxa7
{[%clk 0:57:35]} Rh5 {[%clk 1:09:52]} 26. Ra4 {[%clk 0:56:54]} Rxh2
{[%clk 1:05:35]} 27. Rg4 {[%clk 0:55:40]} Rh1+ {[%clk 0:53:48]} 28. Rg1
{[%clk 0:54:27]} Rxg1+ {[%clk 0:51:36]} 29. Kxg1 {[%clk 0:54:53]} d5
{[%clk 0:51:57]} 30. c3 {[%clk 0:48:54]} Kc6 {[%clk 0:47:36]} 31. a4
{[%clk 0:49:11]} Kb6 {[%clk 0:35:26]} 32. d3 {[%clk 0:47:44]} Ka5
{[%clk 0:33:21]} 33. c4 {[%clk 0:48:09]} d4 {[%clk 0:33:47]} 34. f4
{[%clk 0:47:43]} g6 {[%clk 0:33:03]} 35. Kf2 {[%clk 0:48:08]} Kb4
{[%clk 0:32:30]} 36. Kg3 {[%clk 0:47:45]} Kc3 {[%clk 0:27:18]} 37. a5
{[%clk 0:48:11]} Kxd3 {[%clk 0:27:44]} 38. a6 {[%clk 0:48:37]} Kc2
{[%clk 0:28:08]} 39. a7 {[%clk 0:48:56]} d3 {[%clk 0:28:29]} 40. a8=Q
{[%clk 1:19:14]} d2 {[%clk 0:58:55]} 41. Qe4+ {[%clk 1:07:00]} Kc1
{[%clk 0:55:35]} 42. Qxg6 {[%clk 1:01:17]} d1=Q {[%clk 0:55:52]} 43. Qe4
{[%clk 1:01:01]} Qxb3+ {[%clk 0:53:31]} 44. Kh4 {[%clk 1:00:42]} Qc3
{[%clk 0:49:50]} 45. f5 {[%clk 0:56:54]} Qf6+ {[%clk 0:42:43]} 46. Kg4
{[%clk 0:55:51]} c6 {[%clk 0:37:19]} 47. Kf3 {[%clk 0:51:41]} Kb2
{[%clk 0:37:11]} 48. Qe6 {[%clk 0:46:46]} Qh4 {[%clk 0:36:17]} 49. Qe5+
{[%clk 0:37:52]} Qd4 {[%clk 0:33:15]} 50. Qf4 {[%clk 0:29:42]} Qf6
{[%clk 0:32:06]} 51. Ke2 {[%clk 0:23:30]} Kb3 {[%clk 0:30:26]} 52. Qe3+
{[%clk 0:23:51]} Kb4 {[%clk 0:30:26]} 53. Qe6 {[%clk 0:22:45]} Qg5
{[%clk 0:28:51]} 54. Qg6 {[%clk 0:16:55]} Qe7+ {[%clk 0:25:42]} 55. Kf3
{[%clk 0:16:49]} Qe1 {[%clk 0:25:01]} 56. Qxh6 {[%clk 0:13:06]} Qd1+
{[%clk 0:24:27]} 57. Kg3 {[%clk 0:13:12]} Kxc4 {[%clk 0:20:15]} 58. Qe6+
{[%clk 0:13:38]} Kb4 {[%clk 0:19:55]} 59. f6 {[%clk 0:13:27]} Qg1+
{[%clk 0:12:54]} 60. Kh4 {[%clk 0:13:53]} Qf2+ {[%clk 0:12:40]} 61. Kg5
{[%clk 0:14:10]} Qd2+ {[%clk 0:12:58]} 62. Kg6 {[%clk 0:14:11]} Qd3+
{[%clk 0:11:34]} 63. Kh6 {[%clk 0:14:04]} Qd2+ {[%clk 0:11:15]} 64. Kg7
{[%clk 0:14:25]} Qd4 {[%clk 0:08:42]} 65. Kf7 {[%clk 0:11:42]} Qf4
{[%clk 0:06:01]} 66. Qe7 {[%clk 0:10:39]} Qg5 {[%clk 0:02:59]} 67. Ke8
{[%clk 0:10:36]} Qg8+ {[%clk 0:01:42]} 68. Kd7 {[%clk 0:11:01]} Qg4+
{[%clk 0:02:08]} 69. Kc7 {[%clk 0:11:14]} Qf4+ {[%clk 0:01:46]} 70. Kb7
{[%clk 0:11:04]} Qg5 {[%clk 0:01:48]} 71. Qe1+ {[%clk 0:10:38]} Kb3
{[%clk 0:01:23]} 72. f7 {[%clk 0:10:03]} Qf4 {[%clk 0:01:24]} 73. Qe7
{[%clk 0:09:18]} Qb4+ {[%clk 0:01:29]} 74. Kc8 {[%clk 0:09:22]} Qg4+
{[%clk 0:01:43]} 75. Kc7 {[%clk 0:09:08]} Qf4+ {[%clk 0:01:56]} 76. Kd7
{[%clk 0:09:10]} Qd4+ {[%clk 0:02:00]} 77. Qd6 {[%clk 0:09:28]} Qg7
{[%clk 0:02:20]} 78. Ke8 {[%clk 0:09:38]} c4 {[%clk 0:02:33]} 79. f8=Q
{[%clk 0:09:42]} Qxf8+ {[%clk 0:03:01]} 80. Kxf8 {[%clk 0:09:28]} c3
{[%clk 0:03:26]} 81. Qc5 {[%clk 0:07:19]} c2 {[%clk 0:03:25]} 82. Ke7
{[%clk 0:07:18]} Kb2 {[%clk 0:03:29]} 83. Qb4+ {[%clk 0:06:35]} Ka2
{[%clk 0:03:43]} 84. Qc3 {[%clk 0:06:53]} Kb1 {[%clk 0:04:05]} 85. Qb3+
{[%clk 0:07:20]} Kc1 {[%clk 0:04:29]} 86. Kd6 {[%clk 0:07:38]} Kd2
{[%clk 0:03:57]} 87. Qb4+ {[%clk 0:07:32]} Kd1 {[%clk 0:03:01]} 88. Qd4+
{[%clk 0:07:57]} Kc1 {[%clk 0:03:25]} 89. Qc3 {[%clk 0:06:57]} Kd1
{[%clk 0:02:28]} 90. Qd3+ {[%clk 0:07:23]} Kc1 {[%clk 0:02:52]} 91. Ke5
{[%clk 0:06:50]} c5 {[%clk 0:03:09]} 92. Kd5 {[%clk 0:03:03]} Kb2
{[%clk 0:03:07]} 93. Qb5+ {[%clk 0:03:26]} Kc3 {[%clk 0:01:39]} 94. Qxc5+
{[%clk 0:03:32]} Kb2 {[%clk 0:02:03]} 95. Qb5+ {[%clk 0:03:49]} Ka2
{[%clk 0:01:59]} 96. Qe2 {[%clk 0:04:07]} Ka1 {[%clk 0:01:31]} 97. Qd2
{[%clk 0:02:26]} Kb1 {[%clk 0:01:53]} 98. Qd3 {[%clk 0:02:42]} Kb2
{[%clk 0:01:48]} 99. Qd2 {[%clk 0:02:45]} Kb1 {[%clk 0:02:13]} 100. Qb4+
{[%clk 0:03:05]} Ka2 {[%clk 0:02:28]} 101. Qe1 {[%clk 0:03:27]} Kb2
{[%clk 0:02:53]} 102. Qe2 {[%clk 0:03:54]} Ka1 {[%clk 0:03:15]} 103. Qxc2
{[%clk 0:04:20]} 1/2-1/2

[Event "European Individual Chess Championship 2017"]
[Site "?"]
[Date "2017.05.31"]
[Round "2.55"]
[White "Fridman, Daniel"]
[Black "Kobo, Ori"]
[Result "1-0"]
[BlackElo "2476"]
[WhiteElo "2605"]
[LiveChessVersion "1.4.8"]

1. c4 {[%clk 1:28:16]} e5 {[%clk 1:28:21]} 2. g3 {[%clk 1:28:38]} Nc6
{[%clk 1:28:44]} 3. Bg2 {[%clk 1:29:03]} Bc5 {[%clk 1:28:54]} 4. Nc3
{[%clk 1:29:27]} a6 {[%clk 1:28:58]} 5. Nf3 {[%clk 1:29:50]} d6 {[%clk 1:28:58]}
6. e3 {[%clk 1:30:00]} Ba7 {[%clk 1:29:12]} 7. d4 {[%clk 1:27:24]} exd4
{[%clk 1:29:14]} 8. exd4 {[%clk 1:26:48]} Bg4 {[%clk 1:23:47]} 9. Be3
{[%clk 1:25:27]} Nge7 {[%clk 1:17:00]} 10. h3 {[%clk 1:09:18]} Bxf3
{[%clk 1:10:51]} 11. Bxf3 {[%clk 1:05:56]} Nf5 {[%clk 1:11:12]} 12. Bxc6+
{[%clk 1:06:18]} bxc6 {[%clk 1:11:38]} 13. Qd3 {[%clk 1:06:39]} Qd7
{[%clk 1:08:38]} 14. g4 {[%clk 1:02:25]} Nxe3 {[%clk 1:01:53]} 15. fxe3
{[%clk 1:02:26]} O-O {[%clk 1:00:26]} 16. O-O-O {[%clk 1:01:13]} f5
{[%clk 0:50:27]} 17. Ne2 {[%clk 0:49:09]} Rae8 {[%clk 0:41:22]} 18. Rdg1
{[%clk 0:47:19]} g6 {[%clk 0:28:04]} 19. Nf4 {[%clk 0:40:41]} Qe7
{[%clk 0:25:42]} 20. Kd2 {[%clk 0:39:05]} Qe4 {[%clk 0:20:29]} 21. gxf5
{[%clk 0:31:07]} Rxf5 {[%clk 0:19:52]} 22. Qxe4 {[%clk 0:30:46]} Rxe4
{[%clk 0:20:19]} 23. Kd3 {[%clk 0:31:06]} Rfxf4 {[%clk 0:16:25]} 24. exf4
{[%clk 0:31:14]} Rxd4+ {[%clk 0:16:46]} 25. Kc3 {[%clk 0:31:37]} Rxf4
{[%clk 0:16:58]} 26. Rf1 {[%clk 0:31:56]} Bd4+ {[%clk 0:17:04]} 27. Kb4
{[%clk 0:24:57]} Bc5+ {[%clk 0:13:30]} 28. Kb3 {[%clk 0:19:42]} Rh4
{[%clk 0:11:35]} 29. Rf3 {[%clk 0:19:39]} Kg7 {[%clk 0:06:34]} 30. Re1
{[%clk 0:16:23]} Kh6 {[%clk 0:05:49]} 31. Re7 {[%clk 0:13:18]} Bb6
{[%clk 0:05:59]} 32. Kc3 {[%clk 0:11:05]} a5 {[%clk 0:03:40]} 33. b3
{[%clk 0:11:12]} Kg5 {[%clk 0:01:50]} 34. Kd3 {[%clk 0:09:47]} Rd4+
{[%clk 0:01:57]} 35. Ke2 {[%clk 0:09:34]} Rh4 {[%clk 0:02:22]} 36. Kf1
{[%clk 0:07:39]} a4 {[%clk 0:01:00]} 37. Kg2 {[%clk 0:07:16]} axb3
{[%clk 0:00:45]} 38. axb3 {[%clk 0:07:40]} h5 {[%clk 0:00:33]} 39. c5
{[%clk 0:02:44]} Bxc5 {[%clk 0:00:39]} 40. Rxc7 {[%clk 0:33:08]} Rd4
{[%clk 0:30:32]} 41. Rxc6 {[%clk 0:33:28]} Rd2+ {[%clk 0:30:56]} 42. Kf1
{[%clk 0:33:44]} Rb2 {[%clk 0:30:44]} 43. Ra6 {[%clk 0:33:21]} h4
{[%clk 0:21:35]} 44. Ra4 {[%clk 0:31:21]} Kh5 {[%clk 0:21:14]} 45. Re4
{[%clk 0:31:29]} Ba3 {[%clk 0:17:35]} 46. Ke1 {[%clk 0:25:17]} Bc5
{[%clk 0:15:54]} 47. Kd1 {[%clk 0:25:12]} Ba3 {[%clk 0:11:37]} 48. Rd3
{[%clk 0:22:38]} Bc5 {[%clk 0:09:42]} 49. Kc1 {[%clk 0:21:00]} Rh2
{[%clk 0:08:18]} 50. b4 {[%clk 0:19:12]} Bf2 {[%clk 0:08:35]} 51. Re2
{[%clk 0:18:22]} g5 {[%clk 0:06:57]} 52. Kd2 {[%clk 0:14:54]} 1-0